Nation and identity in contemporary Europe
Αποθηκεύτηκε σε:
| Άλλοι συγγραφείς: | , |
|---|---|
| Μορφή: | Βιβλίο |
| Γλώσσα: | English |
| Δημοσίευση: |
London :
Routledge,
1996
|
| Θέματα: | |
| Ετικέτες: |
Προσθήκη ετικέτας
Δεν υπάρχουν, Καταχωρήστε ετικέτα πρώτοι!
|
MARC
| LEADER | 00000nam a2200000 i 4500 | ||
|---|---|---|---|
| 001 | 1/9729 | ||
| 008 | 970314s1996 eng d | ||
| 020 | |a 0-415-12313-5 | ||
| 035 | |l 10017594 | ||
| 040 | |a GR-MY-UA |b gre |e aacr | ||
| 041 | 0 | |a eng | |
| 082 | 0 | |a 320.5409409045 | |
| 245 | 1 | 0 | |a Nation and identity in contemporary Europe / |c Edited by Brian Jenkins and Spyros A. Sofos |
| 260 | |a London : |b Routledge, |c 1996 | ||
| 300 | |a 294 p. | ||
| 504 | |a Includes bibliographical references and index | ||
| 650 | 0 | 0 | |a Nationalism |z Europe |x History |y 20th century. |
| 650 | 0 | 0 | |a Ethnicity. |
| 651 | 0 | |a Europe |x Politics and government |y 1989- | |
| 700 | 1 | |a Jenkins, Brian |d 1944- |4 edt | |
| 700 | 1 | |a Σοφός, Σπύρος Α. |4 edt | |
| 852 | |a INST |b LESVOS |e 19970314 |h 320.5409409045 NAT |p 005100011794 |q 005100011794 |t BK |y 0 | ||
| 909 | |a Λ |b 049701 | ||